| 000 | 00516nam a22001817a 4500 | ||
|---|---|---|---|
| 003 | CEME | ||
| 005 | 20210628210606.0 | ||
| 008 | 210210b xxu||||| |||| 00| 0 eng d | ||
| 020 | _a0-425-05157-9 | ||
| 040 | _c. | ||
| 082 | _a153.1 MIN | ||
| 100 |
_aReader's Digest _926775 |
||
| 245 | _aMind power how to develop it, use it and expand it | ||
| 260 |
_aNEW YORK _bREADER DIGEST BOOKS _c1981 |
||
| 300 | _a274P | ||
| 650 |
_aMIND OVER MATTER REMARKABLE BRAIN SHARPEN YOUR MENTAL TOOLS _980096 |
||
| 942 |
_cBK _2ddc |
||
| 999 |
_c585056 _d585056 |
||